[Event "AUT-chT2O 2122"]
[Site "Austria"]
[Date "2022.03.13"]
[Round "9.2"]
[White "Pribitzer, Stefan"]
[Black "Dotzer, Lukas"]
[Result "0-1"]
[WhiteElo "2062"]
[BlackElo "2042"]
[PlyCount "94"]
[EventDate "2021.10.16"]
[EventType "team-tourn"]
[EventRounds "11"]
[EventCountry "AUT"]
[SourceTitle "EXT 2023"]
[Source "ChessBase"]
[SourceDate "2022.10.05"]
[SourceVersion "1"]
[SourceVersionDate "2022.10.05"]
[SourceQuality "1"]
[WhiteTeam "Mistelbach/Altlichtenwarth"]
[BlackTeam "Donaustadt"]
[WhiteTeamCountry "AUT"]
[BlackTeamCountry "AUT"]

1. d4 Nf6 2. Nf3 e6 3. c4 Bb4+ 4. Nbd2 b6 5. e3 Bb7 6. a3 Bxd2+ 7. Qxd2 0-0 8. Be2 d6 9. 0-0 Nbd7 10. b3 Ne4 11. Qc2 f5 12. Bb2 Qe7 13. Rad1 Ndf6 14. Ne1 Ng4 15. h3 Nexf2 16. Rxf2 Nxe3 17. Qc3 Nxd1 18. Bxd1 Rf6 19. Bf3 Be4 20. Qe3 Raf8 21. Nd3 Bxf3 22. Qxf3 g5 23. Bc1 Qg7 24. Qe3 f4 25. Qe4 Qg6 26. Qxg6+ Rxg6 27. Nb4 c5 28. Nc6 Rf7 29. d5 e5 30. Bb2 Rb7 31. a4 Kg7 32. Rd2 Kf6 33. Kf2 Kf5 34. g4+ fxg3+ 35. Kxg3 Ke4 36. Rf2 a6 37. Rf3 g4 38. hxg4 Rxg4+ 39. Kxg4 Rg7+ 40. Kh5 Kxf3 41. Nxe5+ dxe5 42. Bxe5 Rf7 43. Bb8 Ke4 44. d6 Kf5 45. Bc7 Ke6 46. Bxb6 Kxd6 47. Ba5 Rb7 0-1

[Event "AUT-chT2O 2122"]
[Site "Austria"]
[Date "2021.10.16"]
[Round "1.6"]
[White "Wandl, Werner"]
[Black "Pribitzer, Stefan"]
[Result "0-1"]
[WhiteElo "1983"]
[BlackElo "2062"]
[PlyCount "108"]
[EventDate "2021.10.16"]
[EventType "team-tourn"]
[EventRounds "11"]
[EventCountry "AUT"]
[SourceTitle "CBM 204 Extra"]
[Source "ChessBase"]
[SourceDate "2021.11.30"]
[SourceVersion "1"]
[SourceVersionDate "2021.11.30"]
[SourceQuality "1"]
[WhiteTeam "Pressbaum"]
[BlackTeam "Mistelbach/Altlichtenwarth"]
[WhiteTeamCountry "AUT"]
[BlackTeamCountry "AUT"]

1. d4 d5 2. Nf3 Nf6 3. e3 c5 4. b3 Nc6 5. Bb2 Bg4 6. Nbd2 e6 7. Be2 Bf5 8. a3 Bd6 9. 0-0 Qc7 10. c4 cxd4 11. exd4 0-0 12. c5 Bf4 13. g3 Bh6 14. Nh4 Bh3 15. Re1 Bxd2 16. Qxd2 Ne4 17. Qe3 h6 18. g4 Bxg4 19. Bxg4 f5 20. Bf3 f4 21. Qd3 Qe7 22. Ng2 Ng5 23. h4 Nxf3+ 24. Qxf3 Rf5 25. Qg4 Raf8 26. f3 h5 27. Qh3 R8f6 28. b4 a6 29. Re2 Qf7 30. Kh1 Rg6 31. Qh2 Rff6 32. Rg1 Ne7 33. Bc1 Nf5 34. Nxf4 Rxg1+ 35. Qxg1 Nxh4 36. Qg3 Nf5 37. Qg5 Nxd4 38. Rg2 Nxf3 39. Qg3 Nd4 40. Nd3 Rf1+ 41. Rg1 Rxg1+ 42. Qxg1 Qf3+ 43. Qg2 Qxd3 44. Bb2 Nf5 45. Be5 h4 46. Kh2 Qe3 47. Bc7 e5 48. Qxd5+ Kh7 49. Qxe5 Qf2+ 50. Kh3 Qf3+ 51. Kh2 Ne3 52. Qb2 Ng4+ 53. Kg1 h3 54. a4 Qd1# 0-1